[Event "Levice Toth Memorial"]
[Site "Levice"]
[Date "2019.08.04"]
[Round "6"]
[White "Trnka, Stefan"]
[Black "Karcol, Jan"]
[Result "1/2-1/2"]
[WhiteElo "1693"]
[BlackElo "1882"]
[PlyCount "53"]
[EventDate "2019.08.01"]
[EventType "swiss"]
[EventRounds "7"]
[EventCountry "SVK"]
[SourceTitle "EXT 2020"]
[Source "ChessBase"]
[SourceDate "2019.10.17"]
[SourceVersion "1"]
[SourceVersionDate "2019.10.17"]
[SourceQuality "1"]

1. e4 e5 2. d4 exd4 3. Qxd4 Nc6 4. Qe3 Bb4+ 5. Nc3 Nf6 6. Bd2 d6 7. Bc4 Qe7 8. f3 Be6 9. Bb3 Bc5 10. Qg5 h6 11. Qh4 0-0-0 12. 0-0-0 g5 13. Qe1 Nd4 14. Bxe6+ fxe6 15. Be3 e5 16. Nge2 Nxc2 17. Kxc2 Bxe3 18. Rd3 Bb6 19. Qd2 Qf7 20. Nd5 Nxd5 21. Rxd5 Bc5 22. Nc3 Bb4 23. a3 Bxc3 24. Qxc3 h5 25. Rhd1 Kb8 26. Qxe5 Rhg8 27. Qc3 1/2-1/2

[Event "Bratislava Slovan op"]
[Site "Bratislava"]
[Date "2019.05.06"]
[Round "7"]
[White "Pinter, Jozef"]
[Black "Karcol, Jan"]
[Result "1/2-1/2"]
[WhiteElo "1898"]
[BlackElo "1835"]
[PlyCount "120"]
[EventDate "2019.05.01"]
[EventType "swiss"]
[EventRounds "9"]
[EventCountry "SVK"]
[SourceTitle "CBM 190 Extra"]
[Source "ChessBase"]
[SourceDate "2019.07.15"]
[SourceVersion "1"]
[SourceVersionDate "2019.07.15"]
[SourceQuality "1"]

1. d4 Nf6 2. Nf3 g6 3. c4 Bg7 4. Nc3 d5 5. e3 c5 6. cxd5 cxd4 7. Qxd4 0-0 8. Bc4 Bf5 9. Qd1 Qc7 10. Qe2 Ne4 11. Bd2 Nxc3 12. bxc3 Rc8 13. Bd3 Bxd3 14. Qxd3 Bxc3 15. Bxc3 Qxc3+ 16. Qxc3 Rxc3 17. Kd2 Rc5 18. e4 Nd7 19. Rhc1 Rac8 20. Rxc5 Rxc5 21. Ne1 Ne5 22. f3 Ra5 23. Kc3 b6 24. Nc2 Rc5+ 25. Kb3 Kg7 26. Nd4 Kf8 27. Rd1 Ke8 28. h3 a6 29. a4 Nc4 30. Rd3 Na5+ 31. Ka3 Rc1 32. Kb4 Rb1+ 33. Kc3 Ra1 34. Kb4 Ra2 35. g3 Rb2+ 36. Kc3 Rh2 37. h4 Nb7 38. Kb4 Nc5 39. Rc3 Rb2+ 40. Ka3 Rb1 41. Nb3 Rxb3+ 42. Rxb3 Nxb3 43. Kxb3 Kd7 44. e5 f6 45. f4 h5 46. Kc4 Kc7 47. Kd4 Kb7 48. d6 fxe5+ 49. fxe5 exd6 50. exd6 Kc6 51. Ke5 Kd7 52. Kd5 b5 53. axb5 axb5 54. Kc5 b4 55. Kxb4 Kxd6 56. Kc4 Ke5 57. Kd3 Kf5 58. Ke3 Kg4 59. Kf2 Kh3 60. Kf3 Kh2 1/2-1/2

[Event "Bratislava Slovan op"]
[Site "Bratislava"]
[Date "2019.05.04"]
[Round "5"]
[White "Karcol, Jan"]
[Black "Bednar, Jan"]
[Result "0-1"]
[WhiteElo "1835"]
[BlackElo "2064"]
[PlyCount "48"]
[EventDate "2019.05.01"]
[EventType "swiss"]
[EventRounds "9"]
[EventCountry "SVK"]
[SourceTitle "CBM 190 Extra"]
[Source "ChessBase"]
[SourceDate "2019.07.15"]
[SourceVersion "1"]
[SourceVersionDate "2019.07.15"]
[SourceQuality "1"]

1. d4 Nf6 2. Nf3 e6 3. e3 b6 4. Bd3 Bb7 5. Nbd2 c5 6. c3 Nc6 7. 0-0 d5 8. Qe2 Bd6 9. dxc5 Bxc5 10. e4 Qc7 11. exd5 Nxd5 12. Ne4 Be7 13. g3 Rd8 14. Bg5 h6 15. Bxe7 Ndxe7 16. Rad1 0-0 17. Bc2 Ng6 18. Rxd8 Rxd8 19. Rd1 Rxd1+ 20. Qxd1 Nce5 21. Nxe5 Nxe5 22. Nd2 Qd7 23. f4 Qxd2 24. Qxd2 Nf3+ 0-1

[Event "Bratislava Slovan op"]
[Site "Bratislava"]
[Date "2019.05.01"]
[Round "1"]
[White "Karcol, Jan"]
[Black "Hlavac, Tomas"]
[Result "1-0"]
[WhiteElo "1835"]
[BlackElo "1215"]
[PlyCount "83"]
[EventDate "2019.05.01"]
[EventType "swiss"]
[EventRounds "9"]
[EventCountry "SVK"]
[SourceTitle "CBM 190 Extra"]
[Source "ChessBase"]
[SourceDate "2019.07.15"]
[SourceVersion "1"]
[SourceVersionDate "2019.07.15"]
[SourceQuality "1"]

1. e4 e6 2. d4 d5 3. Nd2 c5 4. Ngf3 Nc6 5. Bb5 Bd7 6. 0-0 Nxd4 7. Nxd4 Bxb5 8. Nxb5 a6 9. Nc3 d4 10. Ne2 Bd6 11. Nf3 Ne7 12. Bf4 Ng6 13. Bxd6 Qxd6 14. b4 b6 15. Qd3 0-0 16. c3 e5 17. bxc5 bxc5 18. Rab1 Qe6 19. cxd4 c4 20. Qe3 exd4 21. Nfxd4 Qf6 22. f4 Rfe8 23. e5 Qe7 24. Nf5 Qd7 25. Ned4 Rac8 26. Qc3 Rc5 27. Nd6 Rd8 28. Rb7 Rc7 29. Rxc7 Qxc7 30. N4f5 Qc5+ 31. Qd4 Qc7 32. Qxc4 Qd7 33. Re1 Qa7+ 34. Qd4 Qd7 35. g3 Nf8 36. Nxg7 Qg4 37. Ngf5 Ne6 38. Qd1 Qh3 39. Qg4+ Qxg4 40. Nh6+ Kg7 41. Nxg4 Kg6 42. f5+ 1-0

[Event "Bratislava Slovan op"]
[Site "Bratislava"]
[Date "2018.04.29"]
[Round "3"]
[White "Karcol, Jan"]
[Black "Kucharek, Tibor"]
[Result "1-0"]
[WhiteElo "1847"]
[BlackElo "1691"]
[PlyCount "153"]
[EventDate "2018.04.27"]
[EventType "swiss"]
[EventRounds "9"]
[EventCountry "SVK"]
[SourceTitle "EXT 2023"]
[Source "ChessBase"]
[SourceDate "2022.10.05"]
[SourceVersion "1"]
[SourceVersionDate "2022.10.05"]
[SourceQuality "1"]

1. e4 d5 2. exd5 Qxd5 3. Nc3 Qa5 4. b4 Qe5+ 5. Be2 Bg4 6. d4 Bxe2 7. Ngxe2 Qd6 8. 0-0 e6 9. Rb1 Nf6 10. Bf4 Qd7 11. Qd3 Bd6 12. Rfe1 Bxf4 13. Nxf4 0-0 14. d5 Qd6 15. Qc4 exd5 16. Nfxd5 c6 17. Nxf6+ Qxf6 18. Ne4 Qd8 19. Rbd1 Qb6 20. Nd6 Na6 21. c3 Qc7 22. Nf5 Rae8 23. Qg4 g6 24. Ng3 Re7 25. Rxe7 Qxe7 26. Qd7 Re8 27. Kf1 Kf8 28. Qd4 Qe5 29. Qxe5 Rxe5 30. Rd8+ Re8 31. Rxe8+ Kxe8 32. Ne4 Ke7 33. Ke2 Nc7 34. c4 Ne6 35. Ke3 f5 36. Nd2 c5 37. b5 b6 38. Nb3 Kd6 39. f4 h6 40. h4 h5 41. a4 Kd7 42. a5 Kd6 43. axb6 axb6 44. g3 Kd7 45. Nc1 Nd4 46. Nd3 Ke6 47. Ne5 Nc2+ 48. Kd2 Nd4 49. Nxg6 Nf3+ 50. Ke3 Nd4 51. Ne5 Nc2+ 52. Kd2 Nd4 53. Kd3 Kd6 54. Ke3 Ke6 55. Kd3 Kd6 56. Nf7+ Ke7 57. Ne5 Kd6 58. Kd2 Nb3+ 59. Ke3 Nd4 60. Nd3 Nc2+ 61. Kd2 Nd4 62. Ne1 Nb3+ 63. Kc3 Nd4 64. Kd3 Ke6 65. Ng2 Kd6 66. Ne3 Kd7 67. Nd5 Nb3 68. Nxb6+ Ke6 69. Na4 Kd6 70. Nc3 Na5 71. Nd5 Ke6 72. Kc3 Nb7 73. Ne3 Nd6 74. b6 Kd7 75. Nd5 Ne4+ 76. Kd3 Nxg3 77. b7 1-0

[Event "SVK-chT2B 1112"]
[Site "Slovakia"]
[Date "2012.02.25"]
[Round "10.2"]
[White "Szaraz, Vojtech"]
[Black "Karcol, Jan"]
[Result "1/2-1/2"]
[WhiteElo "1971"]
[BlackElo "1829"]
[PlyCount "46"]
[EventDate "2011.10.08"]
[EventType "team-tourn"]
[EventRounds "11"]
[EventCountry "SVK"]
[SourceTitle "EXT 2013"]
[Source "ChessBase"]
[SourceDate "2012.11.22"]
[SourceVersion "1"]
[SourceVersionDate "2012.11.22"]
[SourceQuality "1"]
[WhiteTeam "Batorove Kosihy"]
[BlackTeam "Nitra NSK"]
[WhiteTeamCountry "SVK"]
[BlackTeamCountry "SVK"]

1. e4 e5 2. Nc3 Nf6 3. f4 exf4 4. e5 Qe7 5. Qe2 Ng8 6. Nf3 c6 7. Ne4 Qe6 8. d4 f6 9. Bxf4 h6 10. Nfd2 f5 11. Nc3 d5 12. exd6 Qxe2+ 13. Bxe2 Be6 14. 0-0-0 Nf6 15. Rhe1 Kf7 16. Bf3 Nbd7 17. Nb3 Bxb3 18. axb3 Re8 19. Be2 Nb6 20. Be5 Rd8 21. Bd3 g6 22. Bc4+ Nxc4 23. bxc4 Bxd6 1/2-1/2